Normal view
MARC view
- Allen Tannenbaum.
Entry Personal Name
001 - CONTROL NUMBER
- control field: 24912
003 - CONTROL NUMBER IDENTIFIER
- control field: NUST
005 - DATE AND TIME OF LATEST TRANSACTION
- control field: 20191029115531.0
008 - FIXED-LENGTH DATA ELEMENTS
- fixed length control field: 191029|| aca||aabn | a|a d
040 ## - CATALOGING SOURCE
- Original cataloging agency: NUST
- Transcribing agency: NUST
100 ## - HEADING--PERSONAL NAME
- Personal name: Allen Tannenbaum.
670 ## - SOURCE DATA FOUND
- Source citation: Work cat.: (NUST): Tauseef ur Rehman. 24911, Efficient Numerical Method for Solution of L2 Optimal Mass Transport Problem /, 2009.
